La théorie du discours chez Hermogène le Rhéteur. Essai sur les structures linguistiques de la rhétorique ancienne.

Kaydedildi:
Detaylı Bibliyografya
Yazar: Patillon, Michel (auteur)
Materyal Türü: Kitap
Dil:İngilizce
Baskı/Yayın Bilgisi: Paris, France: Les Belles Lettres, 1988.
Seri Bilgileri:Collection d'études anciennes,
Konular:
Etiketler: Etiketle
Etiket eklenmemiş, İlk siz ekleyin!

MARC

LEADER 00000nam a22000007a 4500
003 CL-VaPUC
005 20220822114840.0
008 220809t1986 ||||| |||| 00| 0 eng d
999 |c 438140  |d 438138 
020 |a 2-251-32636-7 
040 |c Pontificia Universidad Católica de Valparaíso 
082 |2 22  |a 885.01 PAT 1986 
100 |9 875144  |a Patillon, Michel  |e auteur  
245 |a La théorie du discours chez Hermogène le Rhéteur.   |b Essai sur les structures linguistiques de la rhétorique ancienne.  
260 |a Paris, France:   |b Les Belles Lettres,   |c 1988. 
300 |a 412 páginas.  
490 |a Collection d'études anciennes,   |n  117. 
500 |a c.1 Donación Familia Prof. Alejandro Guzmán Brito. 
583 |c 20220809  |k Yessy Sthefany Diaz Vidal 
600 0 |9 870368  |a Hermógenes  |x Teoría del discurso  |x Crítica e interpretación  
650 0 |9 265653  |a Retórica antigua 
650 0 |9 318236  |a Discursos griegos  
942 |2 ddc  |c BK  |n 0 
952 |0 0  |1 0  |2 ddc  |4 0  |6 885_010000000000000_PAT_1986  |7 1  |8 C_AGB  |9 586022  |a BIBDER  |b BIBDER  |d 2022-08-09  |e Donación   |i 5653923  |o 885.01 PAT 1986  |p 5653923  |r 2023-01-25  |t 1  |w 2022-08-09  |y BK_US  |k AGB